000 00749nam a22002417a 4500
005 20170124110200.0
010 _aB-025981
020 _a8120316728
_c450.00
035 _aB-025981
037 _bCen Lib/Ret
040 _aDPL
_bEN
082 _a005.13
_bCOL
100 _a
_972652
245 _aThe coldfusion 4.0 web application construction kit /
_cby Ben Forta...[et al]
260 _aNew Delhi
_bPrentice Hall of India
_c1998
270 _aM-97,connaught circus
_bNew Delhi
_e110001
300 _axix, 1000p.
_c25cm(Hb)
500 _aIncludes appendix and index
650 _aComputer science
_972653
650 _aWeb applications software
_972654
700 _aForta, Ben
_972655
942 _2ddc
_cEN
_h005.13
_mCOL
999 _c132872
_d132872